NBA Defensive Player of The Year From 1983-2023 - Statistics

General Stats
  • This quiz has been taken 30 times
  • The average score is 32 of 41
Answer Stats
Hint Team Answer % Correct
1988 Bulls Michael Jordan
93%
2006 Pistons Ben Wallace
89%
2005 Pistons Ben Wallace
89%
2003 Pistons Ben Wallace
89%
2002 Pistons Ben Wallace
89%
1991 Pistons Dennis Rodman
89%
1990 Pistons Dennis Rodman
89%
2017 Warriors Draymond Green
89%
2011 Magic Dwight Howard
89%
2010 Magic Dwight Howard
89%
2009 Magic Dwight Howard
89%
1994 Rockets Hakeem Olajuwon
89%
1993 Rockets Hakeem Olajuwon
89%
2016 Spurs Kawhi Leonard
89%
2015 Spurs Kawhi Leonard
89%
2021 Jazz Rudy Gobert
89%
2019 Jazz Rudy Gobert
89%
2018 Jazz Rudy Gobert
89%
1992 Spurs David Robinson
86%
2020 Bucks Giannis Antetokounmpo
86%
2008 Celtics Kevin Garnett
86%
2014 Bulls Joakim Noah
82%
2022 Celtics Marcus Smart
82%
1996 Supersonics Gary Payton
79%
2023 Grizzlies Jaren Jackson Jr.
79%
2013 Grizzlies Marc Gasol
79%
2000 Heat Alonzo Mourning
75%
1999 Heat Alonzo Mourning
75%
2001 76ers Dikembe Mutombo
75%
1998 Hawks Dikembe Mutombo
75%
1997 Hawks Dikembe Mutombo
75%
1995 Nuggets Dikembe Mutombo
75%
1984 Bucks Sidney Moncrief
61%
1983 Bucks Sidney Moncrief
61%
2004 Pacers Metta World Peace
57%
2012 Knicks Tyson Chandler
57%
2007 Nuggets Marcus Camby
54%
1989 Jazz Mark Eaton
43%
1985 Jazz Mark Eaton
43%
1987 Lakers Michael Cooper
43%
1986 Spurs Alvin Robertson
39%
No matching quizzes found
Score Distribution
Percent of People with Each Score
Percentile by Number Answered
Your Score History
You have not taken this quiz